00651 a2200157 4500003000500000005001700005020001500022040000900037082001600046100002500062245003400087260003000121300001100151505031900162650001200481NUST20230127144910.0 a0333977017 cNust a907.106,CAR aCarr, Edward Hallett aWhat is history? /cE.H. Carr bPalgrave6E.H. Carrc1986 a155:p. aIntroduction (Page-ix), Introductory Note (Page xlvii), Preface to the Second Edition (Page-xlix), The Historian and his Facts (Page-1), Society and the Individual (Page-25), History Science and Morality (Page-50), Causation in History (Page-81), History as Progress (Page-103), The Widening Horizon (Page-128).  aHistory